000 00956nam a22003737a 4500
003 OSt
008 150615b xxu||||| |||| 00| 0 eng d
100 1 _aWaterfall, Arnold C.
041 _aeng
245 1 0 _aThe postal history of Tibet
260 _aLondon
_bRobson Lowe Ltd.,
300 _a0 pages
650 0 _aChina
650 0 _aTibet
650 0 _aPostal History
650 0 _aPostal Markings
650 0 _aUsed Abroad Bogus and Forged
650 0 _aPost Offices
650 0 _aMilitary Mail
650 0 _aProduction Errors and Varieties
650 0 _aPrinting
650 0 _aPlates and Plating
650 0 _aEssays and Proofs
650 0 _aForgeries and Counterfeits
650 0 _aRegistered Mail
650 0 _aLocals and Private Posts
650 0 _aCinderella Material
650 0 _aGreat Britain
650 0 _aOffices in China
650 0 _aIndia
650 0 _aOffices Abroad
650 0 _aBhutan
650 0 _aSikkim
999 _c1582
_d1582